Statistiques concernant Pays les plus proches de Sri Lanka - carte quiz

Cliquez ici pour prendre le quiz!

Statistiques générales

  • Ce quiz a été pris 250 fois
  • Le résultat moyen est 14 sur 20

Réponses sur la Carte

Les réponses sont colorées sur une échelle allant du rouge au vert en fonction du pourcentage des utilisateurs qui les ont devinées à leur premier essai. Vous pouvez retrouver ces pourcentages ci-dessous.
 

Statistiques - réponses

pays% Correct
Inde
99%
Chine
86%
Pakistan
85%
Bangladesh
84%
Népal
84%
Birmanie
82%
Indonésie
82%
Thaïlande
81%
Malaisie
74%
Bhoutan
73%
Laos
73%
Viêt Nam
71%
Maldives
70%
Cambodge
69%
Oman
61%
Afghanistan
58%
Yémen
54%
Iran
48%
Singapour
44%
Arabie Saoudite
32%

Distribution des résultats

Percentile par nombre de réponses

% des personnes avec chaque résultat

Votre développement - résultats

Vous n’avez pas pris ce quiz